Normal view
MARC view
Entry Topical Term
001 - CONTROL NUMBER
- control field: 51128
003 - CONTROL NUMBER IDENTIFIER
- control field: ARRUPE
005 - DATE AND TIME OF LATEST TRANSACTION
- control field: 20220401100038.0
008 - FIXED-LENGTH DATA ELEMENTS
- fixed length control field: 220401|| aca||aabn | a|a d
040 ## - CATALOGING SOURCE
- Original cataloging agency: ARRUPE
- Transcribing agency: ARRUPE
150 ## - HEADING--TOPICAL TERM
- Topical term or geographic name as entry element: Capoeira (Dance)
- General subdivision: Training
670 ## - SOURCE DATA FOUND
- Source citation: Work cat.: (ARRUPE)131198: Taylor, Gerard, 1960- 51127, Capoeira 100 :, 2006.